[Event "ESP-chT CECLUB Div2"]
[Site "Linares"]
[Date "2021.08.13"]
[Round "7.5"]
[White "Gutierrez Castillo, Paloma"]
[Black "Lopez Grana, Carmen"]
[Result "1-0"]
[WhiteElo "2031"]
[BlackElo "1716"]
[PlyCount "73"]
[EventDate "2021.08.09"]
[EventType "team-swiss"]
[EventRounds "7"]
[EventCountry "ESP"]
[SourceTitle "CBM 203 Extra"]
[Source "ChessBase"]
[SourceDate "2021.09.30"]
[SourceVersion "1"]
[SourceVersionDate "2021.09.30"]
[SourceQuality "1"]
[WhiteTeam "Prodomasa Coin"]
[BlackTeam "Circulo Ferrolano"]
[WhiteTeamCountry "ESP"]
[BlackTeamCountry "ESP"]

1. e4 e6 2. Nf3 d5 3. Nc3 Nf6 4. e5 Nfd7 5. d4 c5 6. dxc5 a6 7. Na4 Nxc5 8. Nxc5 Bxc5 9. Bd3 h6 10. 0-0 Nc6 11. c3 Qc7 12. Qe2 g5 13. h3 b6 14. Re1 Bf8 15. Nh2 Bg7 16. f4 Bb7 17. Ng4 h5 18. Nf6+ Bxf6 19. exf6 gxf4 20. Qf1 f3 21. Qxf3 0-0-0 22. Qf1 Rhg8 23. Bf4 e5 24. Bh2 Rg5 25. h4 Rgg8 26. Bxa6 Rg4 27. Qf5+ Kb8 28. Bxb7 Qxb7 29. Bxe5+ Ka8 30. Bd4 Rxh4 31. Rad1 Qc7 32. Be5 Nxe5 33. Qxe5 Qc5+ 34. Rd4 Rg4 35. Qe7 Rxd4 36. Qxd8+ Ka7 37. Qe7+ 1-0

[Event "ESP-chT CECLUB Div2"]
[Site "Linares"]
[Date "2021.08.11"]
[Round "4.3"]
[White "Gutierrez Castillo, Paloma"]
[Black "Penas Hernandez, Yolanda"]
[Result "1-0"]
[WhiteElo "2031"]
[BlackElo "1897"]
[PlyCount "105"]
[EventDate "2021.08.09"]
[EventType "team-swiss"]
[EventRounds "7"]
[EventCountry "ESP"]
[SourceTitle "CBM 203 Extra"]
[Source "ChessBase"]
[SourceDate "2021.09.30"]
[SourceVersion "1"]
[SourceVersionDate "2021.09.30"]
[SourceQuality "1"]
[WhiteTeam "Prodomasa Coin"]
[BlackTeam "Getafe"]
[WhiteTeamCountry "ESP"]
[BlackTeamCountry "ESP"]

1. e4 e5 2. Nf3 Nc6 3. Bc4 Nf6 4. d3 Bc5 5. c3 0-0 6. Bb3 d5 7. Qe2 Bg4 8. h3 Bh5 9. Bg5 dxe4 10. dxe4 h6 11. Bh4 Qe7 12. g4 Bg6 13. Nbd2 a5 14. a4 Rfd8 15. Rg1 Qd6 16. Nc4 Qe7 17. Nfd2 Rd7 18. 0-0-0 Rad8 19. Rgf1 Rd3 20. Ne3 Na7 21. Bd5 Bxe3 22. Qxd3 Bxd2+ 23. Rxd2 Rd6 24. Bxf6 Qxf6 25. Qe3 Nc8 26. Bxb7 Nb6 27. Rxd6 Qxd6 28. Rd1 Qe6 29. Bd5 Qe7 30. Bb3 Kh7 31. f3 f6 32. Qd3 Bf7 33. Qb5 Bxb3 34. Qxb3 Qc5 35. Kb1 Qe3 36. Qe6 Qe2 37. Rd8 Qxf3 38. Qf5+ Qxf5 39. gxf5 Nxa4 40. Rd7 Nc5 41. Rxc7 Nxe4 42. b4 axb4 43. cxb4 Nd6 44. Kc2 h5 45. Kd3 Kh6 46. Rd7 Nc8 47. Ke4 g5 48. b5 g4 49. hxg4 hxg4 50. Rd8 Ne7 51. b6 g3 52. b7 Nc6 53. Rg8 1-0

[Event "Las Vegas National op"]
[Site "Las Vegas"]
[Date "2013.06.09"]
[Round "6"]
[White "Gutierrez Castillo, Paloma"]
[Black "Labedz, Patrycja"]
[Result "0-1"]
[WhiteElo "2181"]
[BlackElo "2108"]
[PlyCount "86"]
[EventDate "2013.06.07"]
[EventType "swiss"]
[EventRounds "6"]
[EventCountry "USA"]
[SourceTitle "CBM 154 Extra"]
[Source "ChessBase"]
[SourceDate "2013.06.25"]
[SourceVersion "2"]
[SourceVersionDate "2013.06.25"]
[SourceQuality "1"]

1. e4 c5 2. Nf3 a6 3. Nc3 e6 4. g3 g6 5. Bg2 Bg7 6. 0-0 Nc6 7. d3 Nge7 8. Be3 d6 9. Qd2 0-0 10. Bh6 Nd4 11. Bxg7 Kxg7 12. h4 e5 13. h5 h6 14. hxg6 fxg6 15. Nh2 g5 16. f4 gxf4 17. gxf4 exf4 18. Rxf4 Rxf4 19. Qxf4 Ng6 20. Qf2 Qg5 21. Kh1 Be6 22. Rd1 Rf8 23. Qd2 Qh4 24. Kg1 Nf4 25. Rf1 Qg3 26. Kh1 Rf6 27. Nd5 Bxd5 28. exd5 Qxg2+ 29. Qxg2+ Nxg2 30. Kxg2 Rxf1 31. Nxf1 Nxc2 32. Kf3 Kf6 33. Ke4 Nd4 34. Ng3 Kg5 35. b4 b6 36. a4 a5 37. bxa5 bxa5 38. Nf1 Nb3 39. d4 cxd4 40. Ng3 Kg4 41. Nf1 h5 42. Kd3 Kf3 43. Kc4 Kg2 0-1

[Event "Andalucia-ch"]
[Site "Lucena"]
[Date "2012.04.30"]
[Round "7"]
[White "Domingo Nunez, Ruben"]
[Black "Gutierrez Castillo, Paloma"]
[Result "1/2-1/2"]
[WhiteElo "1816"]
[BlackElo "2200"]
[PlyCount "71"]
[EventDate "2012.04.26"]
[EventType "swiss"]
[EventRounds "9"]
[EventCountry "ESP"]
[SourceTitle "EXT 2013"]
[Source "ChessBase"]
[SourceDate "2012.11.22"]
[SourceVersion "1"]
[SourceVersionDate "2012.11.22"]
[SourceQuality "1"]

1. e4 e5 2. Nf3 Nc6 3. Bc4 Bc5 4. c3 Nf6 5. d3 0-0 6. 0-0 h6 7. h3 d6 8. Re1 Be6 9. Nbd2 Bb6 10. Bb3 Bxb3 11. Qxb3 Nh5 12. Nc4 Qf6 13. a4 Nd8 14. Qc2 c6 15. Nxb6 axb6 16. Be3 Ne6 17. d4 c5 18. Qd2 Rfd8 19. d5 Nef4 20. Bxf4 Nxf4 21. Kh2 Ra6 22. c4 Qg6 23. g3 Qh5 24. Ng1 Ng6 25. Qe2 Qg5 26. Nf3 Qe7 27. Nd2 Rf8 28. Qg4 Qg5 29. Nf3 Qf6 30. Kg2 Rd8 31. Nd2 Ne7 32. b3 g6 33. Rad1 h5 34. Qf3 Qxf3+ 35. Nxf3 Kh7 36. Ng5+ 1/2-1/2

[Event "ESP-ch (Women)"]
[Site "Padron"]
[Date "2011.08.06"]
[Round "7"]
[White "Garcia Castany Musellas, Gal La"]
[Black "Gutierrez Castillo, Paloma"]
[Result "0-1"]
[WhiteElo "1980"]
[BlackElo "2119"]
[PlyCount "150"]
[EventDate "2011.08.01"]
[EventType "swiss"]
[EventRounds "7"]
[EventCountry "ESP"]
[SourceTitle "CBM 143 Extra"]
[Source "ChessBase"]
[SourceDate "2011.08.29"]
[SourceVersion "1"]
[SourceVersionDate "2011.08.29"]
[SourceQuality "1"]

1. e4 e5 2. Nf3 Nc6 3. Bc4 Bc5 4. c3 Nf6 5. b4 Bb6 6. d3 d6 7. a4 a6 8. 0-0 0-0 9. Nbd2 h6 10. Bb3 Re8 11. Nc4 Ba7 12. Be3 Ne7 13. h3 Ng6 14. b5 Bxe3 15. fxe3 Be6 16. Na5 c6 17. Nxb7 Qc7 18. Bxe6 Rxe6 19. bxc6 Qxc6 20. Qb3 Rb8 21. Rab1 Qc7 22. Qb6 Qc8 23. Rb4 Qxc3 24. Rb3 d5 25. Rxc3 Rxb6 26. Nc5 dxe4 27. dxe4 Rc6 28. Rfc1 Rbc8 29. Nd2 Nd7 30. Ndb3 Ngf8 31. a5 Ne6 32. Na4 Rxc3 33. Rxc3 Rxc3 34. Nxc3 Ndc5 35. Nxc5 Nxc5 36. Kf2 Kf8 37. Ke2 Ke7 38. Nd5+ Kd6 39. Nb4 Kc7 40. Kd2 Nxe4+ 41. Kd3 Nc5+ 42. Kc4 Kd6 43. Kc3 Nb7 44. Nxa6 Nxa5 45. Nb4 Nc6 46. Nc2 Kd5 47. Kd3 f5 48. Na3 Nb4+ 49. Ke2 Na6 50. Nb1 Nc5 51. Nd2 e4 52. Nb1 Kc4 53. Na3+ Kb3 54. Nb5 g6 55. Nd6 Kc2 56. Nb5 Nd3 57. Nd4+ Kc3 58. Nb5+ Kc4 59. Nd6+ Kd5 60. Nf7 h5 61. g3 Ke6 62. Ng5+ Kf6 63. h4 Nc5 64. Nh3 Ne6 65. Nf4 Nd8 66. Nh3 Nf7 67. Nf4 g5 68. Nh3 gxh4 69. gxh4 Kg6 70. Nf4+ Kh6 71. Kf2 Ne5 72. Ke2 Ng6 73. Ng2 Kg7 74. Kf1 Kf6 75. Kf2 Ke6 0-1

[Event "ESP-ch (Women)"]
[Site "Padron"]
[Date "2011.08.04"]
[Round "5"]
[White "Aranaz Murillo, Amalia"]
[Black "Gutierrez Castillo, Paloma"]
[Result "1-0"]
[WhiteElo "2176"]
[BlackElo "2119"]
[PlyCount "73"]
[EventDate "2011.08.01"]
[EventType "swiss"]
[EventRounds "7"]
[EventCountry "ESP"]
[SourceTitle "CBM 143 Extra"]
[Source "ChessBase"]
[SourceDate "2011.08.29"]
[SourceVersion "1"]
[SourceVersionDate "2011.08.29"]
[SourceQuality "1"]

1. Nf3 Nf6 2. c4 g6 3. g3 Bg7 4. Bg2 0-0 5. 0-0 d6 6. d4 Nbd7 7. Nc3 e5 8. e4 exd4 9. Nxd4 Re8 10. h3 a6 11. b3 Rb8 12. Be3 Nc5 13. Qc2 Bd7 14. Rad1 Qc8 15. b4 Ne6 16. Kh2 c5 17. Nxe6 Bxe6 18. bxc5 Bxc4 19. Rfe1 dxc5 20. Bf4 b5 21. Bxb8 Qxb8 22. Nd5 Nxd5 23. exd5 Bd4 24. Rxe8+ Qxe8 25. a3 Qd8 26. Qe4 a5 27. Rxd4 cxd4 28. Qxd4 Qd6 29. Qc3 Qc5 30. Qxa5 Qxf2 31. Qa8+ Kg7 32. d6 Qd2 33. Qc6 Bf1 34. Qd5 Qxd5 35. Bxd5 Kf6 36. g4 Bc4 37. g5+ 1-0

[Event "ESP-ch (Women)"]
[Site "Padron"]
[Date "2011.08.02"]
[Round "3"]
[White "Garcia Vicente, Nieves"]
[Black "Gutierrez Castillo, Paloma"]
[Result "1/2-1/2"]
[WhiteElo "2249"]
[BlackElo "2119"]
[PlyCount "127"]
[EventDate "2011.08.01"]
[EventType "swiss"]
[EventRounds "7"]
[EventCountry "ESP"]
[SourceTitle "CBM 143 Extra"]
[Source "ChessBase"]
[SourceDate "2011.08.29"]
[SourceVersion "1"]
[SourceVersionDate "2011.08.29"]
[SourceQuality "1"]

1. d4 Nf6 2. c4 g6 3. Nc3 Bg7 4. Nf3 0-0 5. Bg5 c5 6. e3 cxd4 7. exd4 d5 8. Bxf6 Bxf6 9. Nxd5 Bg7 10. Nc3 Bg4 11. Be2 Nc6 12. d5 Bxf3 13. gxf3 Nd4 14. Qd2 Rc8 15. Kf1 Qc7 16. Rc1 Nf5 17. Rd1 Qe5 18. Re1 Nh4 19. h3 a6 20. Nd1 Qf6 21. Qd3 Rfd8 22. b3 e6 23. Ne3 h5 24. Qe4 b6 25. Rd1 Bh6 26. Rg1 Re8 27. Qd4 Qxd4 28. Rxd4 Bxe3 29. Rxh4 Bd2 30. Rxh5 b5 31. dxe6 Rxe6 32. Rd5 Bc3 33. Bd3 bxc4 34. Bxc4 Rf6 35. Kg2 Kg7 36. Rgd1 a5 37. R1d3 Bb4 38. a3 Bxa3 39. Rxa5 Bc5 40. Rd7 Rf5 41. Rd5 Rxd5 42. Bxd5 Rc7 43. Bc4 Bb4 44. Rb5 Ba3 45. f4 Rc5 46. Kf3 Rxb5 47. Bxb5 Bc5 48. f5 gxf5 49. Ke2 Kh6 50. Bc4 f6 51. f3 Kg5 52. Kd3 Kh4 53. Be6 Kxh3 54. Kc4 Bf2 55. Bxf5+ Kg3 56. Be4 Kf4 57. b4 Ke5 58. Kb5 Kd6 59. Ba8 Kc7 60. Kc4 Kb6 61. Be4 Bg3 62. b5 Be5 63. Bc6 Bb2 64. Kd5 1/2-1/2

[Event "Forni di Sopra op 1st"]
[Site "Forni di Sopra"]
[Date "2011.06.18"]
[Round "9"]
[White "Gutierrez Castillo, Paloma"]
[Black "Klinova, Masha"]
[Result "0-1"]
[WhiteElo "2090"]
[BlackElo "2315"]
[PlyCount "114"]
[EventDate "2011.06.12"]
[EventType "swiss"]
[EventRounds "9"]
[EventCountry "ITA"]
[SourceTitle "CBM 142 Extra"]
[Source "ChessBase"]
[SourceDate "2011.06.27"]
[SourceVersion "1"]
[SourceVersionDate "2011.06.27"]
[SourceQuality "1"]

1. e4 d6 2. d4 Nf6 3. Bd3 e5 4. c3 Be7 5. Nf3 Nbd7 6. 0-0 0-0 7. Nbd2 h6 8. Re1 Re8 9. Nf1 Bf8 10. Ng3 g6 11. h3 a6 12. a4 b6 13. Qb3 Bg7 14. Bc4 Qe7 15. Nh4 Nf8 16. f4 exd4 17. Bd2 Be6 18. f5 Bxc4 19. Qxc4 d5 20. exd5 Qc5 21. Qxd4 Qxd4+ 22. cxd4 Nxd5 23. Nf3 Nd7 24. fxg6 fxg6 25. Ne4 g5 26. Ng3 Kh7 27. Nf5 Bf6 28. g4 Kg6 29. b4 h5 30. Kg2 Rad8 31. Rac1 Nf8 32. Rxe8 Rxe8 33. Rc6 Re6 34. Rxe6 Nxe6 35. Ne5+ Bxe5 36. dxe5 Nef4+ 37. Kf3 Nxh3 38. Nd4 hxg4+ 39. Kxg4 Nhf4 40. Nf3 Nd3 41. Bxg5 N3xb4 42. e6 Nc6 43. Nh4+ Kg7 44. Kf5 Kf8 45. Nf3 Ke8 46. Nh2 Nc3 47. Ng4 Nxa4 48. Nf6+ Ke7 49. Nd5+ Kd6 50. e7 Nxe7+ 51. Nxe7 Nc3 52. Bf6 Nd5 53. Nxd5 Kxd5 54. Bd8 b5 55. Bxc7 b4 56. Kf4 Kd4 57. Bb6+ Kd3 0-1

[Event "Forni di Sopra op 1st"]
[Site "Forni di Sopra"]
[Date "2011.06.12"]
[Round "1"]
[White "Gutierrez Castillo, Paloma"]
[Black "Bruno, Fabio"]
[Result "0-1"]
[WhiteElo "2090"]
[BlackElo "2459"]
[PlyCount "110"]
[EventDate "2011.06.12"]
[EventType "swiss"]
[EventRounds "9"]
[EventCountry "ITA"]
[SourceTitle "CBM 142 Extra"]
[Source "ChessBase"]
[SourceDate "2011.06.27"]
[SourceVersion "1"]
[SourceVersionDate "2011.06.27"]
[SourceQuality "1"]

1. e4 c5 2. Nf3 e6 3. g3 Nc6 4. Bg2 Nf6 5. d3 d6 6. 0-0 Be7 7. Nc3 0-0 8. h3 Rb8 9. a4 b6 10. Bf4 Bb7 11. e5 Ne8 12. exd6 Bxd6 13. Bxd6 Nxd6 14. Nb5 Nf5 15. c3 a6 16. Na3 Qc7 17. Qe2 Rbd8 18. Nc4 Rfe8 19. Ng5 b5 20. Na3 b4 21. Nc4 h6 22. Ne4 Nce7 23. Rfd1 Nd5 24. Rac1 bxc3 25. bxc3 Bc6 26. Nxc5 Nxc3 27. Rxc3 Nd4 28. Qe3 Bxg2 29. Kxg2 Qxc5 30. Rcc1 Qd5+ 31. Qe4 Ne2 32. Ra1 Nc3 33. Qxd5 exd5 34. Rdc1 Ne2 35. Ne3 Nxc1 36. Rxc1 d4 37. Nf5 g6 38. Nxh6+ Kg7 39. Ng4 Rc8 40. Rxc8 Rxc8 41. Kf3 Rc3 42. Ke2 f6 43. Nh2 Ra3 44. Kf3 f5 45. Kf4 Kf6 46. Nf3 Rxa4 47. g4 a5 48. g5+ Ke6 49. Ne5 Ra3 50. h4 a4 51. Nxg6 Rxd3 52. h5 Rh3 53. h6 a3 54. h7 a2 55. Nf8+ Kf7 0-1

[Event "ESP-chT (Women)"]
[Site "Cortegana"]
[Date "2010.08.20"]
[Round "5"]
[White "Garcia Rodriguez, Sara"]
[Black "Gutierrez Castillo, Paloma"]
[Result "1-0"]
[WhiteElo "1867"]
[BlackElo "2167"]
[PlyCount "75"]
[EventDate "2010.08.17"]
[EventType "team-tourn"]
[EventRounds "7"]
[EventCountry "ESP"]
[SourceTitle "CBM 138 Extra"]
[Source "ChessBase"]
[SourceDate "2010.10.29"]
[SourceVersion "1"]
[SourceVersionDate "2010.10.29"]
[SourceQuality "1"]

1. e4 e5 2. Nf3 Nc6 3. Bc4 Bc5 4. c3 Nf6 5. d4 exd4 6. cxd4 Bb4+ 7. Bd2 Bxd2+ 8. Nbxd2 d5 9. exd5 Nxd5 10. Qb3 Nce7 11. 0-0 0-0 12. Rfe1 c6 13. Ne4 b6 14. Ne5 Be6 15. Ng5 Rc8 16. Nxe6 fxe6 17. Nf3 b5 18. Bd3 Nf4 19. Rxe6 Ned5 20. Re5 Kh8 21. Rae1 Qd7 22. Be4 Qg4 23. Ng5 Ne2+ 24. Kh1 Rxf2 25. Bf3 Qxd4 26. R5xe2 Rxe2 27. Rxe2 Qf4 28. Nh3 Qc1+ 29. Ng1 Rf8 30. Bxd5 cxd5 31. Qxd5 h6 32. Qxb5 Qb1 33. a3 Qc1 34. Re7 Qd1 35. Rxa7 Qg4 36. Qb4 Rf4 37. Qd2 Qf5 38. Rd7 1-0

[Event "Malaga op 13th"]
[Site "Malaga"]
[Date "2010.02.27"]
[Round "9"]
[White "Gutierrez Castillo, Paloma"]
[Black "Colovic, Aleksandar"]
[Result "1/2-1/2"]
[WhiteElo "2161"]
[BlackElo "2464"]
[PlyCount "58"]
[EventDate "2010.02.20"]
[EventType "swiss"]
[EventRounds "9"]
[EventCountry "ESP"]
[SourceTitle "CBM 135 Extra"]
[Source "ChessBase"]
[SourceDate "2010.05.04"]
[SourceVersion "1"]
[SourceVersionDate "2010.05.04"]
[SourceQuality "1"]

1. e4 c5 2. Nf3 e6 3. g3 Nc6 4. Bg2 d6 5. 0-0 Nf6 6. Re1 Be7 7. e5 dxe5 8. Nxe5 Nxe5 9. Rxe5 0-0 10. Nc3 Qc7 11. Re1 Rd8 12. Qe2 Bd7 13. d3 Qb6 14. b3 Bc6 15. Ne4 Nxe4 16. Bxe4 Bf6 17. Rb1 Rac8 18. a4 Bc3 19. Bd2 Qb4 20. Bxc3 Qxc3 21. Bxc6 Rxc6 22. Rbc1 Rd5 23. Qf3 h6 24. Re4 Qb2 25. Ree1 Re5 26. Qf4 Rxe1+ 27. Rxe1 Qxc2 28. Qb8+ Kh7 29. Qxb7 Rd6 1/2-1/2

[Event "Malaga op 13th"]
[Site "Malaga"]
[Date "2010.02.24"]
[Round "6"]
[White "Terron Elena, Francisco Miguel"]
[Black "Gutierrez Castillo, Paloma"]
[Result "1/2-1/2"]
[WhiteElo "2278"]
[BlackElo "2161"]
[PlyCount "41"]
[EventDate "2010.02.20"]
[EventType "swiss"]
[EventRounds "9"]
[EventCountry "ESP"]
[SourceTitle "CBM 135 Extra"]
[Source "ChessBase"]
[SourceDate "2010.05.04"]
[SourceVersion "1"]
[SourceVersionDate "2010.05.04"]
[SourceQuality "1"]

1. c4 Nf6 2. Nf3 g6 3. Nc3 Bg7 4. e4 d6 5. d4 0-0 6. Be2 e5 7. 0-0 Nc6 8. d5 Ne7 9. b4 Nd7 10. Nd2 f5 11. a4 Nf6 12. f3 f4 13. g4 fxg3 14. hxg3 Nh5 15. Kg2 Kh8 16. c5 Ng8 17. Nc4 a6 18. cxd6 cxd6 19. a5 Nf4+ 20. gxf4 exf4 21. Rf2 1/2-1/2

[Event "Malaga op 13th"]
[Site "Malaga"]
[Date "2010.02.23"]
[Round "5"]
[White "Gutierrez Castillo, Paloma"]
[Black "Lopez Guerrero, Jose Miguel"]
[Result "1-0"]
[WhiteElo "2161"]
[BlackElo "2001"]
[PlyCount "104"]
[EventDate "2010.02.20"]
[EventType "swiss"]
[EventRounds "9"]
[EventCountry "ESP"]
[SourceTitle "CBM 135 Extra"]
[Source "ChessBase"]
[SourceDate "2010.05.04"]
[SourceVersion "1"]
[SourceVersionDate "2010.05.04"]
[SourceQuality "1"]

1. e4 c5 2. Nf3 Nc6 3. Bb5 g6 4. Bxc6 dxc6 5. d3 Bg7 6. h3 Nf6 7. Nc3 0-0 8. Be3 b6 9. Qd2 Re8 10. 0-0 Nd7 11. Nh2 e5 12. Ng4 Qe7 13. f4 h5 14. Nxe5 Nxe5 15. fxe5 Qxe5 16. Kh1 Be6 17. a4 Qc7 18. Rae1 Qd7 19. Rf3 Kh7 20. Ne2 f5 21. Ng3 fxe4 22. Nxe4 Bd5 23. Ng5+ Kg8 24. Rff1 Rad8 25. b3 Kh8 26. Qf2 Rf8 27. Qh4 Rde8 28. Rxf8+ Rxf8 29. c4 Bg8 30. g4 Qxd3 31. gxh5 Rf1+ 32. Bg1 Bd5+ 33. cxd5 Qxd5+ 34. Ne4 g5 35. Qg3 Rf4 36. Qg2 Qf7 37. Qxg5 Rf3 38. Qg4 Qxb3 39. Ng5 Rf8 40. Ne6 Qd5+ 41. Re4 Rf7 42. Ng5 Rf5 43. h4 Bh6 44. Nf3 Bf8 45. Rf4 Rxf4 46. Qxf4 Bg7 47. h6 Bc3 48. Kh2 Kh7 49. Ng5+ Kg6 50. Qe4+ Kh5 51. Kh3 Qd7+ 52. Ne6 Qd5 1-0

[Event "Malaga op 13th"]
[Site "Malaga"]
[Date "2010.02.21"]
[Round "2"]
[White "Matamoros Franco, Carlos S"]
[Black "Gutierrez Castillo, Paloma"]
[Result "1-0"]
[WhiteElo "2545"]
[BlackElo "2161"]
[PlyCount "45"]
[EventDate "2010.02.20"]
[EventType "swiss"]
[EventRounds "9"]
[EventCountry "ESP"]
[SourceTitle "CBM 135 Extra"]
[Source "ChessBase"]
[SourceDate "2010.05.04"]
[SourceVersion "1"]
[SourceVersionDate "2010.05.04"]
[SourceQuality "1"]

1. c4 e6 2. g3 d5 3. Bg2 c6 4. Nf3 Nf6 5. d4 Nbd7 6. 0-0 Bd6 7. Nc3 0-0 8. Nd2 b6 9. e4 dxe4 10. Ndxe4 Nxe4 11. Nxe4 Be7 12. Bf4 Bb7 13. Nd6 Bxd6 14. Bxd6 Re8 15. Re1 Nf8 16. c5 b5 17. a4 a6 18. h4 h6 19. Be4 Qc8 20. Qh5 f5 21. Bc2 Nh7 22. Bb3 Kh8 23. Qf7 1-0

[Event "ESP-ch 74th"]
[Site "Palma de Mallorca"]
[Date "2009.09.29"]
[Round "4"]
[White "Gutierrez Castillo, Paloma"]
[Black "Estremera Panos, Sergio"]
[Result "1/2-1/2"]
[WhiteElo "2151"]
[BlackElo "2402"]
[PlyCount "54"]
[EventDate "2009.09.26"]
[EventType "swiss"]
[EventRounds "9"]
[EventCountry "ESP"]
[SourceTitle "CBM 132 Extra"]
[Source "ChessBase"]
[SourceDate "2009.11.03"]
[SourceVersion "1"]
[SourceVersionDate "2009.11.03"]
[SourceQuality "1"]

1. e4 c5 2. Nf3 d6 3. Bb5+ Bd7 4. Bxd7+ Nxd7 5. c4 Ngf6 6. Nc3 Ne5 7. 0-0 e6 8. Ne1 Be7 9. d4 cxd4 10. Qxd4 Qc7 11. b3 a6 12. h3 Rc8 13. a4 0-0 14. Be3 Ned7 15. Qd1 b6 16. f3 Rfd8 17. Rf2 h6 18. Rd2 Bf8 19. Rc1 Qb7 20. Bf4 Qc7 21. Bxd6 Bxd6 22. Rxd6 Nc5 23. Rxd8+ Rxd8 24. Qc2 Qf4 25. Rd1 Qe3+ 26. Qf2 Qxf2+ 27. Kxf2 Rxd1 1/2-1/2

[Event "ESP-ch (Women)"]
[Site "Almansa"]
[Date "2009.07.29"]
[Round "3"]
[White "Gutierrez Castillo, Paloma"]
[Black "Calzetta Ruiz, Monica"]
[Result "0-1"]
[WhiteElo "2132"]
[BlackElo "2344"]
[PlyCount "52"]
[EventDate "2009.07.28"]
[EventType "swiss"]
[EventRounds "7"]
[EventCountry "ESP"]
[SourceTitle "CBM 131 Extra"]
[Source "ChessBase"]
[SourceDate "2009.09.03"]
[SourceVersion "2"]
[SourceVersionDate "2009.09.16"]
[SourceQuality "1"]

1. e4 e6 2. Nf3 d5 3. Nc3 d4 4. Ne2 c5 5. c3 Nc6 6. cxd4 Nf6 7. Ng3 Nxd4 8. Nxd4 Qxd4 9. Bb5+ Bd7 10. Bxd7+ Qxd7 11. 0-0 Be7 12. e5 Nd5 13. d4 0-0 14. dxc5 Bxc5 15. Qg4 Kh8 16. Ne4 Rac8 17. Bg5 Bb6 18. Rad1 Qa4 19. b3 Qxa2 20. Bf6 gxf6 21. exf6 Rg8 22. Ng5 Rxg5 23. Qxg5 Rg8 24. Qh4 Ne3 25. Rd7 Nxf1 26. Rxf7 Qb1 0-1

[Event "Bratto op-A 28th"]
[Site "Bratto"]
[Date "2008.08.30"]
[Round "9"]
[White "Gutierrez Castillo, Paloma"]
[Black "Ranfagni, Stefano"]
[Result "1/2-1/2"]
[WhiteElo "2157"]
[BlackElo "2049"]
[PlyCount "58"]
[EventDate "2008.08.22"]
[EventType "swiss"]
[EventRounds "9"]
[EventCountry "ITA"]
[SourceTitle "EXT 2010"]
[Source "ChessBase"]
[SourceDate "2010.11.25"]
[SourceVersion "1"]
[SourceVersionDate "2010.11.25"]
[SourceQuality "1"]

1. e4 e5 2. Nf3 Nf6 3. Nxe5 d6 4. Nf3 Nxe4 5. c4 c6 6. Nc3 Nxc3 7. dxc3 Be7 8. Bf4 Be6 9. Bd3 d5 10. Nd4 Bf6 11. Nxe6 fxe6 12. Qg4 Qe7 13. Bxh7 Nd7 14. Bg6+ Kd8 15. 0-0 Rh4 16. Qf3 e5 17. Bg3 Rxc4 18. Rfe1 Bh4 19. b3 Rc5 20. Rxe5 Nxe5 21. Bxe5 Qxe5 22. Qf8+ Kc7 23. Qxc5 Bf6 24. Rd1 Rh8 25. g3 Qg5 26. Bf7 Be7 27. Qe3 Qf6 28. Qe6 Rf8 29. Qxf6 Bxf6 1/2-1/2

[Event "Bratto op-A 28th"]
[Site "Bratto"]
[Date "2008.08.29"]
[Round "8"]
[White "Moncelli, Giorgio"]
[Black "Gutierrez Castillo, Paloma"]
[Result "1-0"]
[WhiteElo "2105"]
[BlackElo "2157"]
[PlyCount "99"]
[EventDate "2008.08.22"]
[EventType "swiss"]
[EventRounds "9"]
[EventCountry "ITA"]
[SourceTitle "CBM 126 Extra"]
[Source "ChessBase"]
[SourceDate "2008.11.05"]
[SourceVersion "1"]
[SourceVersionDate "2008.11.05"]
[SourceQuality "1"]

1. d4 d5 2. Nf3 Nf6 3. c4 e6 4. Nc3 c6 5. e3 Nbd7 6. Bd3 dxc4 7. Bxc4 b5 8. Bd3 Bd6 9. e4 e5 10. 0-0 a6 11. Bg5 Bb7 12. a4 0-0 13. Rc1 exd4 14. Nxd4 Nc5 15. Bb1 Be5 16. Be3 b4 17. Nf3 Ncd7 18. Nxe5 Nxe5 19. Ne2 Re8 20. f3 a5 21. Nd4 Rc8 22. Nb3 Ba6 23. Rf2 Nc4 24. Bd4 Ra8 25. Nc5 Ne5 26. b3 Qe7 27. Rd2 Bc8 28. h3 Ng6 29. Be3 Nh5 30. Bd3 Ngf4 31. Bf1 Qg5 32. Kh2 h6 33. Nd3 Qg3+ 34. Kh1 Nxd3 35. Rxd3 Ba6 36. Rd2 Bxf1 37. Qxf1 Rxe4 38. fxe4 Qxe3 39. Qd3 Qg5 40. Rdc2 Rd8 41. Qf3 Qe5 42. Rc5 Ng3+ 43. Kh2 Nf1+ 44. Kg1 Qh2+ 45. Kxf1 Rd2 46. g4 Rb2 47. Rxc6 g6 48. Rc8+ Kg7 49. R8c7 Kg8 50. Qxf7+ 1-0